FIFA World Cup 2010: Semifinal Germany vs Spain - Statistics

General Stats
  • This quiz has been taken 55 times
  • The average score is 23 of 30
Answer Stats
# Team Position Player % Correct
1 Real Madrid GK Iker Casillas
98%
1 FC Schalke 04 GK Manuel Neuer
98%
6 FC Barcelona MF Andrés Iniesta
96%
8 FC Barcelona MF Xavi
96%
9 Liverpool FC MF / in 81' Fernando Torres
92%
11 Bayern München FW Miroslav Klose
92%
16 Bayern München DF Philipp Lahm
92%
7 Bayern München MF Bastian Schweinsteiger
90%
5 FC Barcelona DF / 1 goal Carles Puyol
90%
7 Valencia CF FW / out 81' David Villa
90%
15 Real Madrid DF Sergio Ramos
90%
14 Real Madrid MF / out 90' Xabi Alonso
90%
3 FC Barcelona DF Gerard Piqué
88%
16 FC Barcelona MF Sergio Busquets
86%
8 Werder Bremen MF Mesut Özil
84%
18 FC Barcelona FW / out 86' Pedro
82%
Coach Joachim Löw
80%
10 1. FC Köln FW Lukas Podolski
80%
23 Bayern München FW / in 81' Mario Gomez
80%
20 Hamburger SV DF / out 52' Jérôme Boateng
78%
6 VfB Stuttgart MF / out 81' Sami Khedira
68%
21 Valencia CF MF / in 86' David Silva
62%
17 Werder Bremen DF Per Mertesacker
62%
Coach Vicente Del Bosque
58%
18 Bayer Leverkusen MF / in 62' Toni Kroos
56%
11 Villarreal CF DF Joan Capdevila
50%
3 Hertha BSC DF Arne Friedrich
46%
2 Hamburger SV DF / in 52' Marcell Jansen
38%
4 Valencia CF DF / in 90' Carlos Marchena
28%
15 Hamburger SV MF / out 62' Piotr Trochowski
26%
No matching quizzes found
Score Distribution
Percent of People with Each Score
Percentile by Number Answered
Your Score History
You have not taken this quiz